000 01182cam a2200349 a 4500
001 3014395
003 OSt
005 20140310182657.0
008 940512s1994 nyu b 001 0 eng
010 _a 94018417
020 _a0399139826 (alk. paper)
040 _aDLC
_cDLC
_dDLC
043 _aawba---
050 0 0 _aBM 487
_b.Si582 1996
082 0 0 _aM 296.155
_bSi13 1996
100 1 _aSilberman, Neil Asher,
_d1950-
245 1 4 _aThe hidden scrolls
_bChristianity, Judaism, & the war for the Dead Sea scrolls
_cSilberman, Neil Asher
260 _aNew York
_bG.P. Putnam's Sons
_cc1996
300 _a306 p.
_c24 cm.
500 _a"A Grosset/Putnam book."
504 _aIncludes bibliographical references (p. [267]-298) and index.
521 _ahighschool to college students
526 _c0L to 1700L
541 _j1
562 _e1
630 0 0 _aDead Sea scrolls.
630 0 0 _aDead Sea scrolls
_xRelation to the New Testament.
650 0 _aQumran community.
906 _a7
_bcbc
_corignew
_d1
_eocip
_f19
_gy-gencatlg
942 _2lcc
_cBK
_kM
999 _c15129
_d15129